| 000 | 00559nam a2200133Ia 4500 | ||
|---|---|---|---|
| 008 | 171212s9999 xx 000 0 und d | ||
| 020 | _a9780874215724 | ||
| 100 | _aMilligan, Mike | ||
| 245 |
_cMilligan, Mike _aWestwater Lost and Found |
||
| 260 |
_bUniversity Press of Colorado _c2004 |
||
| 650 | _aBiological Sciences | ||
| 650 | _aWestwater (Utah) -- History; Westwater (Utah) -- Description and travel; Colorado River (Colo.-Mexico) -- History; Colorado River (Colo.-Mexico) -- Description and travel | ||
| 856 | _uwww.jstor.org/stable/10.2307/j.ctt46nrd3 | ||
| 999 |
_c353190 _d353190 |
||